[Event "93rd FRA-ch 2018"]
[Site "Nimes"]
[Date "2018.08.26"]
[Round "15"]
[White "Gharamian, Tigran"]
[Black "Edouard, Romain"]
[Result "1/2-1/2"]
[WhiteElo "2614"]
[BlackElo "2638"]
[Annotator "TA"]
[PlyCount "175"]
[EventDate "2018.08.18"]
[EventType "tourn"]
[EventCountry "FRA"]
[SourceTitle "playchess.com"]
[Source "ChessBase"]
[SourceQuality "1"]

{[%evp 12,175,17,30,52,17,35,10,1,-52,-25,-76,-78,-83,-71,-77,-71,-80,-70,-68,-81,-88,-91,-92,-99,-121,-83,-66,-48,-61,-22,-25,-8,-6,100,-54,0,-11,-6,-18,124,0,0,0,0,0,0,0,0,0,0,-15,-17,-12,-13,-533,-537,-531,-530,-505,-44,-30,-29,-168,-92,-2266,0,-27,-27,-27,-28,-38,-41,-39,-42,-60,-60,-71,-68,-73,-72,-67,-60,-82,-82,-82,-82,-82,-82,-82,-82,-82,-82,-82,-82,-82,-82,-363,-363,-29978,-29979,-29980,-29981,-29981,-29973,-29970,-1075,-363,-363,-490,-363,-341,-82,-82,-82,-95,-95,-96,-68,-78,0,-43,-43,-44,0,-82,-82,-363,-82,-82,-82,-123,-82,-82,-82,-82,-82,-82,-46,-82,-82,-82,-82,-82,-82,-82,-82,-123,-56,-56,-53,-53,-51,-51,-49,-49,0,-56,-49,-54,-10,-37,-10,-10,-10,-10]} 1. e4 c5 2. Nf3 Nc6 3. d4 cxd4 4. Nxd4 e6 5. Nc3 a6 6. Be3 Nf6 7. Qf3 {LiveBook: 24 Games. B46: Sicilian: Taimanov: 5 Nc3 a6} (7. Nxc6 bxc6 8. e5 Nd5 9. Nxd5 cxd5 10. Qd4 Bb7 11. Bd3 Rc8 12. O-O Qc7 13. c3 Bc5 14. Qxc5 Qxc5 15. Bxc5 Rxc5 {½-½ (32) Yu,Y (2759)-Svidler,P (2753) Shenzhen 2018}) 7... Bd6 8. Nxc6 $146 ({Predecessor:} 8. O-O-O Be5 9. Qe2 O-O 10. g3 Nxd4 11. Bxd4 Bxd4 12. Rxd4 e5 13. Rd2 b5 14. Nd5 Nxd5 15. Rxd5 {0-1 (45) Salgado Lopez,I (2616)-Gajewski,G (2648) Montpellier 2015}) 8... bxc6 9. Bc4 {White is slightly better.} Be5 10. Bb3 (10. Bf4 $11 Bxf4 11. Qxf4) 10... O-O 11. O-O (11. Bf4 $11 Bxc3+ 12. bxc3) 11... Qc7 $17 12. h3 d5 13. Rad1 {[%cal Re4d5]} Bb7 14. Bc5 Rfe8 15. Rfe1 Bxc3 16. Qxc3 Nxe4 17. Rxe4 dxe4 18. Re1 Red8 19. g3 a5 20. a4 Rd7 21. Rxe4 Rd1+ 22. Kh2 Rad8 (22... Re8 $11 {remains equal.}) 23. Qe3 $2 ({White must play} 23. Rg4 $16 {[%csl Gg4][%cal Rc3g7]} e5 24. Qe3) 23... Re8 (23... R8d5 $15) 24. c3 Rd5 25. Rg4 Qd8 (25... f6 $11 {keeps the balance.}) 26. Bb6 ({Better is} 26. Qh6 $16 {[%csl Gg4][%cal Rh6g7]} g6 27. Bxd5 Qxd5 28. b4) 26... Qe7 $11 27. Bxd5 cxd5 28. Bxa5 e5 {[%cal Be6e5,Be5d4,Bd4e3,Be3f2][%mdl 32]} 29. Rb4 Ba8 30. Rb6 Qd7 {And now ...d4 would win.} 31. Bb4 d4 32. cxd4 exd4 33. Rd6 $2 {[%mdl 8192]} (33. Qg5 $11 {and White has nothing to worry.}) 33... dxe3 $19 34. Rxd7 exf2 {[%mdl 4096] Endgame KRB-KRB} 35. Rd1 {[#]} f5 $2 (35... f1=Q $1 $19 {[%mdl 512]} 36. Rxf1 Re2+ 37. Kg1 Rg2+ 38. Kh1 Rxg3+ 39. Kh2 Rg2+ 40. Kh1 Rxb2+ 41. Kg1 Rxb4) 36. Rf1 $1 $15 Re2 37. b3 (37. h4 $11 {and White is okay.}) 37... Bd5 (37... Be4 $19 38. a5 g5) 38. Bc5 $2 {[%mdl 8192]} (38. Bc3 $17) 38... Bxb3 $2 (38... Re1 $19 39. Bxf2 Rxf1) 39. Rxf2 Re5 40. Bd4 Rd5 41. Rf4 g5 42. Rf3 Bxa4 43. Bc3 Kf7 44. Re3 Rd1 45. Re1 Rd3 46. Bb4 Rb3 47. Bd2 Rb2 48. Re2 Bb5 49. Rf2 Kg6 $1 {White must now prevent ...Rb1.} 50. h4 h6 {[%cal Bh7h6,Bh6g5][%mdl 32]} 51. hxg5 hxg5 52. Be3 Rb1 {Hoping for ...Bc6.} 53. Rc2 Bd3 54. Rd2 $2 {[%mdl 8192]} (54. Rc3 $17) 54... Be4 $1 $19 {[%csl Ge4][%cal Rb1h1]} 55. Bg1 $2 (55. g4 $19 f4 56. Bg1) 55... Kh5 56. Re2 Kg4 57. Rd2 Ra1 58. Rb2 Ra8 (58... f4 $142 59. gxf4 Kxf4 60. Rf2+ Bf3 61. Rc2 g4 62. Rc4+ Be4 63. Rc3 Ra2+ 64. Bf2 Rxf2+ 65. Kg1 Rc2 66. Rxc2 Bxc2 67. Kf1 Bd3+ 68. Kf2 g3+ 69. Kg2 Kg4 70. Kh1 Kf3 71. Kg1 g2 72. Kh2 Kf2 73. Kh3 Be2 74. Kh2 g1=Q+ 75. Kh3 Qh1#) 59. Bd4 Rd8 60. Rd2 Rd7 61. Kg1 Rh7 $2 (61... Kf3 $1 $19 {and Black stays clearly on top.} 62. Bc3 Re7) 62. Be5 $17 Kf3 63. Rf2+ Ke3 $1 {[%csl Ge4][%cal Rh7h1]} 64. Rh2 Rb7 {[%cal Rb7b1]} 65. Rb2 Rh7 (65... Rd7 $17 {( -> ...Rd1+)} 66. Rb3+ Ke2 67. Rb2+ Kf3 68. Rb3+ Kg4) 66. Rb3+ (66. Rh2 $5 {[%cal Rh2h7]} Rd7 67. Rf2 $17) 66... Ke2 {[%csl Ge4][%cal Rh7h1]} 67. Rb2+ Kf3 (67... Kd3 {with more complications.} 68. Rb3+ Kc4 69. Ra3 Rh1+ 70. Kf2 Rh2+) 68. Rb3+ {[#]} (68. Rf2+ $1 $11 Ke3 69. Rh2) 68... Kg4 $1 69. Rb2 $2 {[%mdl 8192] [#]} (69. Bb8 $17) 69... Re7 $2 (69... Rh1+ $1 $19 {is more deadly.} 70. Kf2 Rd1) 70. Bd6 Re6 71. Rd2 Rh6 72. Kf2 Rh2+ 73. Ke3 Rh1 74. Kf2 Kh3 75. Ke3 Re1+ 76. Kf2 Rb1 77. Ke3 Rb3+ 78. Kf2 Rf3+ 79. Ke2 Kh2 ({Black should try} 79... Rxg3 $17 {...f4 is the strong threat.} 80. Bxg3 Kxg3) 80. Ke1+ $15 Kg1 81. Bc5+ Kh1 82. Bd6 Re3+ 83. Kf2 Rf3+ 84. Ke1 $1 Rb3 85. Kf2 Rb1 86. Re2 Rd1 87. Re1+ Rxe1 88. Kxe1 {Precision: White = 37%, Black = 46%.} 1/2-1/2

[Event "93rd FRA-ch 2018"]
[Site "Nimes"]
[Date "2018.08.26"]
[Round "16"]
[White "Gharamian, Tigran"]
[Black "Edouard, Romain"]
[Result "0-1"]
[WhiteElo "2614"]
[BlackElo "2638"]
[Annotator "TA"]
[PlyCount "95"]
[EventDate "2018.08.18"]
[EventType "tourn"]
[EventCountry "FRA"]
[SourceTitle "playchess.com"]
[Source "ChessBase"]
[SourceQuality "1"]

{[%evp 13,95,25,39,39,48,22,17,15,15,20,15,0,7,8,35,6,89,0,34,-22,15,-25,26,-22,-19,-18,-33,-30,-26,-14,-35,-64,0,0,0,0,0,0,6,0,0,0,0,0,0,0,0,0,0,0,0,0,0,0,0,-162,-133,-111,0,-29,-31,-122,-42,-120,-26,-53,0,0,0,-289,-322,-310,-275,-407,-248,-373,-346,-416,-304,-340,-57,-80,12843,-29989]} 1. e4 c5 2. Nf3 Nc6 3. Bb5 e6 4. O-O Nge7 5. d4 cxd4 6. Nxd4 Qb6 7. Nxc6 {B30: Sicilian: 2...Nc6 3 Bb5, lines without ...g6} Nxc6 {LiveBook: 8 Games} (7... bxc6 8. Bd3 Ng6 9. c4 Be7 10. Nc3 O-O 11. Na4 Qc7 12. c5 d5 13. cxd6 Bxd6 14. g3 c5 {1-0 (27) Caruana,F (2811)-Lenic,L (2662) chess.com INT 2018}) 8. a4 Qc7 $146 ({Predecessor:} 8... Be7 9. Be3 Qc7 10. Nc3 O-O 11. f4 d6 12. Bd3 a6 13. Qf3 Bd7 14. Qg3 Kh8 15. Rae1 Rae8 16. Kh1 Nb4 17. Bd4 {½-½ (17) Rozentalis,E (2618)-Zambrana,O (2504) Asuncion 2010}) 9. Kh1 {White is slightly better.} b6 10. Nc3 Bb7 11. Qg4 h5 12. Qh3 Be7 13. f4 O-O-O 14. Be3 Bc5 (14... Bb4 $11) 15. Rad1 (15. Be2 $16) 15... a6 16. Be2 (16. Bxc6 $14 Qxc6 17. Bd4) 16... Kb8 17. Rd2 Ne7 ({Better is} 17... h4) 18. Bxc5 (18. f5 {keeps more tension.} Bxe3 19. Qxe3 f6 20. Qf2 h4 21. h3) 18... bxc5 19. e5 d5 20. exd6 Rxd6 21. Rxd6 Qxd6 22. Bf3 Nf5 (22... Qxf4 $15 23. Be2 Qg5) 23. Bxb7 $11 Kxb7 24. Ne4 Qc6 25. Ng5 Qc7 26. Qf3+ Ka7 27. Rd1 {[#] Strongly threatening Nxf7!} Rb8 28. b3 Rb4 29. g3 g6 30. Qf2 h4 31. Kg1 hxg3 32. hxg3 Rd4 $36 {[%mdl 2048] Black has good play.} 33. Rxd4 cxd4 34. g4 $2 (34. Qd2 $11 {and White has nothing to worry.}) 34... Ne3 $19 35. c4 Qb6 (35... a5 $17 36. Qf3 Qb6) 36. Nxf7 Qxb3 37. Qf3 (37. Ne5 $15) 37... Qxc4 $17 38. Ne5 $1 {[%cal Re5c4]} Qc1+ (38... Qxa4 $17 {Hoping for ...a5.} 39. Nxg6 Kb6) 39. Kh2 Qc2+ ({Black should play} 39... Nd5 $15) 40. Kh3 $11 Qxa4 41. Nc6+ $2 {[%mdl 8192]} (41. Qe4 $11) 41... Kb6 $19 42. Ne5 Qc2 43. Qa8 {[#]} (43. Kg3 $142) 43... Nd5 $1 {...d3 is the strong threat.} 44. Qb8+ Ka5 {Threatens to win with ...d3.} 45. Qd8+ Ka4 46. Qd6 Qc3+ $2 (46... Nxf4+ $2 47. Kh4 $17) (46... a5 $19 47. Qd7+ Ka3 48. Qd6+ Ka2) 47. Kh4 $15 Qc5 $2 {[%mdl 8192]} (47... a5 $17 48. Qxe6 Nb4) 48. Nc6 $4 {[%mdl 8192] Precision: White = 40%, Black = 33%.} (48. Qxc5 $18 a5 49. Qxd4+ Kb5 50. Nxg6) 0-1

[Event "93rd FRA-ch 2018"]
[Site "Nimes"]
[Date "2018.08.26"]
[Round "17"]
[White "Edouard, Romain"]
[Black "Gharamian, Tigran"]
[Result "0-1"]
[WhiteElo "2638"]
[BlackElo "2614"]
[Annotator "TA"]
[PlyCount "90"]
[EventDate "2018.08.18"]
[EventType "tourn"]
[EventCountry "FRA"]
[SourceTitle "playchess.com"]
[Source "ChessBase"]
[SourceQuality "1"]

{[%evp 22,90,15,13,47,38,45,35,55,60,49,48,45,0,27,0,0,-52,-30,-106,-106,-102,-100,-107,-73,-118,-105,-109,-108,-115,-112,-114,-94,-100,-100,-114,-86,-147,-147,-145,-128,-142,-142,-154,-154,-154,-154,-226,-194,-638,-664,-566,-574,-740,-676,-592,-575,-1962,-1718,-1802,-2000,-1542,-1264,-1768,-2706,-2332,-2463,-2292,-1487,-1557,0]} 1. d4 Nf6 2. c4 e6 3. Nc3 Bb4 4. Nf3 c5 5. g3 cxd4 6. Nxd4 O-O 7. Bg2 d5 8. cxd5 Nxd5 9. Qb3 Nc6 10. Nxc6 bxc6 11. O-O Rb8 {E20: Nimzoindisch (Seltene Züge)} 12. Qc2 {LiveBook: 6 Partien} Bxc3 $146 ({Vorgänger:} 12... Ba6 13. Rd1 Bxc3 14. bxc3 Qa5 15. Bb2 Bc4 16. Rd4 Qa6 17. e4 Nb6 18. a4 e5 19. Rd2 Qa5 20. Rd6 c5 21. Bh3 Nc8 22. Rd2 Nb6 23. Rd6 Nc8 24. Rd2 Nb6 25. Rd6 {½-½ (25) Vachier Lagrave,M (2789)-Aronian,L (2764) Stavanger 2018}) 13. bxc3 Qa5 {Weiß steht etwas besser.} 14. c4 Qc3 15. Qxc3 Nxc3 16. Re1 {Und Ld2 würde nun gewinnen.} Rd8 17. Bf4 Rb2 18. Be5 (18. Bc7 $5 {[%cal Rc7d8]} Rf8 19. Bxc6 $11) 18... Nxe2+ 19. Kh1 (19. Kf1 $11 Nd4 20. Rab1) 19... Nd4 $15 20. c5 (20. Bxc6 $11 f6 21. Bxd4 Rxd4 22. Red1) 20... f6 $17 21. Bxd4 Rxd4 22. Kg1 Rc2 23. Rad1 Rxd1 24. Rxd1 {[%mdl 4096] [#] Endspiel Td8+ ist eine echte Drohung. KTL-KTL} Kf7 25. Bxc6 Rxc5 26. Ba4 f5 27. Bb3 Kf6 28. f3 Bb7 29. Kf2 (29. Rd6 $142 Re5 30. Kf2) 29... Bd5 30. h4 g6 31. Rd2 h6 32. f4 g5 33. hxg5+ hxg5 34. fxg5+ (34. Ke2 $17 {war angesagt.}) 34... Kxg5 $19 35. Bxd5 $2 {[#]} (35. Re2) 35... Rxd5 $17 {KT-KT. Schwarz steht klar auf Gewinn.} ({Nicht} 35... exd5 36. Kg2 $17) 36. Rb2 Ra5 37. Kf3 Ra3+ 38. Kg2 e5 {[%cal Be6e5,Be5e4][%mdl 32]} 39. Re2 e4 40. Rf2 a5 41. Kh3 Rd3 42. Rc2 f4 {[%cal Bf5f4,Bf4g3][%mdl 32]} 43. Rc5+ Kf6 44. Kg4 fxg3 45. Kh3 Ke6 $2 {[%mdl 32768] Precision: Weiß = 38%, Schwarz = 64%. . Sensor Board Error (Ke4/e5)?} (45... a4 $19 46. Rc4 Rd2 47. Kxg3 Rxa2 48. Rxe4 Ra1) 0-1

[Event "93rd FRA-ch 2018"]
[Site "Nimes"]
[Date "2018.08.26"]
[Round "18"]
[White "Gharamian, Tigran"]
[Black "Edouard, Romain"]
[Result "1-0"]
[WhiteElo "2614"]
[BlackElo "2638"]
[Annotator "RC"]
[PlyCount "127"]
[EventDate "2018.08.18"]
[EventType "tourn"]
[EventCountry "FRA"]
[SourceTitle "playchess.com"]
[Source "ChessBase"]
[SourceQuality "1"]
[TimeControl "300+3"]

1. e4 c5 2. Nf3 {[%emt 0:00:00]} Nc6 {[%emt 0:00:07]} 3. Bb5 e6 4. O-O {[%emt 0:00:00]} Nge7 {[%emt 0:00:07]} 5. d4 {[%emt 0:00:00]} cxd4 {[%emt 0:00:04]} 6. Nxd4 {[%emt 0:00:00]} Qc7 {[%emt 0:00:04]} 7. Be2 {[%emt 0:00:00]} d5 {[%emt 0:00:23]} 8. exd5 {[%emt 0:00:05]} Nxd5 {[%emt 0:00:05]} 9. Nxc6 {[%emt 0:00:06]} bxc6 {[%emt 0:00:05]} 10. c4 {[%emt 0:00:09]} Nf6 {[%emt 0:00:04]} 11. Nc3 {[%emt 0:00:16]} Bd6 {[%emt 0:00:05]} 12. h3 {[%emt 0:00:06]} O-O {[%emt 0:00:06]} 13. Bf3 {[%emt 0:00:06]} Rb8 {[%emt 0:00:12]} 14. Qc2 {[%emt 0:00:05]} a6 {[%emt 0:00:25]} 15. b3 {[%emt 0:00:24]} c5 {[%emt 0:00:04]} 16. Be3 {[%emt 0:00:04]} Bd7 {[%emt 0:00:30]} 17. Rad1 {[%emt 0:00:04]} Bf4 {[%emt 0:00:11]} 18. Bxf4 {[%emt 0:00:12]} Qxf4 {[%emt 0:00:04]} 19. Ne4 {[%emt 0:00:04]} Qc7 {[%emt 0:00:22]} 20. Nxf6+ {[%emt 0:00:09]} gxf6 {[%emt 0:00:04]} 21. Qd2 {[%emt 0:00:07]} Rfd8 {[%emt 0:00:12]} 22. Qh6 {[%emt 0:00:05]} Qe5 {[%emt 0:00:08]} 23. Rfe1 {[%emt 0:00:06]} Qg5 {[%emt 0:00:19]} 24. Qxg5+ {[%emt 0:00:04]} fxg5 {[%emt 0:00:04]} 25. Re5 {[%emt 0:00:04]} Rbc8 {[%emt 0:00:03]} 26. Rxg5+ {[%emt 0:00:04]} Kf8 {[%emt 0:00:04]} 27. Re5 {[%emt 0:00:07]} Ke7 {[%emt 0:00:08]} 28. Re2 {[%emt 0:00:06]} Be8 {[%emt 0:00:09]} 29. Red2 {[%emt 0:00:05]} Rxd2 30. Rxd2 Rc7 {[%emt 0:00:09]} 31. g4 {[%emt 0:00:18]} a5 {[%emt 0:00:06]} 32. Kg2 {[%emt 0:00:12]} a4 {[%emt 0:00:10]} 33. g5 {[%emt 0:00:12]} f6 {[%emt 0:00:08]} 34. gxf6+ {[%emt 0:00:06]} Kxf6 {[%emt 0:00:03]} 35. Rd6 {[%emt 0:00:17]} axb3 {[%emt 0:00:22]} 36. axb3 {[%emt 0:00:04]} Ke5 {[%emt 0:00:03]} 37. Rd3 {[%emt 0:00:10]} Bg6 {[%emt 0:00:04]} 38. Re3+ {[%emt 0:00:03]} Kf6 {[%emt 0:00:04]} 39. Be4 {[%emt 0:00:11]} Bf5 {[%emt 0:00:08]} 40. Bxf5 {[%emt 0:00:05]} Kxf5 {[%emt 0:00:09]} 41. Kf3 {[%emt 0:00:10]} e5 {[%emt 0:00:04]} 42. Ke2 {[%emt 0:00:10]} Ra7 {[%emt 0:00:12]} 43. Kd3 {[%emt 0:00:33]} Ra3 {[%emt 0:00:04]} 44. Rf3+ {[%emt 0:00:05]} Ke6 {[%emt 0:00:05]} 45. Kc3 {[%emt 0:00:07]} Ra2 {[%emt 0:00:08]} 46. Rf8 {[%emt 0:00:09]} e4 {[%emt 0:00:09]} 47. h4 {[%emt 0:00:21]} Re2 {[%emt 0:00:22]} 48. h5 {[%emt 0:00:10]} e3 {[%emt 0:00:08]} 49. Re8+ {[%emt 0:00:05]} Kd7 {[%emt 0:00:05]} 50. Rxe3 {[%emt 0:00:08]} Rxf2 {[%emt 0:00:04]} 51. Re5 {[%emt 0:00:05]} Kd6 {[%emt 0:00:05]} 52. Rd5+ {[%emt 0:00:06]} Kc6 53. Re5 {[%emt 0:00:10]} Rh2 {[%emt 0:00:09]} 54. Re6+ {[%emt 0:00:03]} Kb7 55. Rh6 Kc7 56. Rxh7+ Kb6 57. h6 Ka5 58. Rh8 Rh3+ 59. Kb2 Kb4 60. Rb8+ Ka5 61. Rb5+ Ka6 62. Rxc5 Rxh6 63. Rg5 Kb6 64. b4 1-0